| 000 | 00629nam a22001937a 4500 | ||
|---|---|---|---|
| 999 |
_c10555 _d10555 |
||
| 008 | 180905b ||||| |||| 00| 0 eng d | ||
| 020 | _a978-1-5063-6621-0 | ||
| 082 |
_22019 _aDC 302.2301 _bB453 |
||
| 100 |
_930936 _aBerger, Arthur Asa |
||
| 245 |
_aMedia analysis techniques / _cArthur Asa Berger. |
||
| 250 | _a6e | ||
| 260 |
_aLos Angeles : _bSAGE, _c©2019. |
||
| 300 |
_axix, 346 pages: _billustration; _c23 cm. |
||
| 500 | _aIncludes glossary, bibliographical references and indexes. | ||
| 650 |
_aMass media -- Methodology _930938 |
||
| 650 |
_aMass media criticism _930939 |
||
| 365 |
_b8,400 _cPhp |
||
| 942 |
_2ddc _cDC |
||